000 00522nam a2200169Ia 4500
003 IN-BaIIA
008 211028s9999 xx 000 0 eng d
040 _cIIA Library
080 _a52
_bWEB-1
100 _aWebb, T. W.
_94859
245 0 _aCelestial objects for common telescopes
_bvol. I
_cT. W. Webb
260 _aNew York
_bDover Publications
_c1962
300 _axxvi, 255p.
650 _aAstronomy
_980
650 _aAstronomy and astrophysics thesaurus
942 _cBK
999 _c2711
_d2711